[Event "Golden Sands Europe op 1st"]
[Site "Golden Sands"]
[Date "2012.06.04"]
[Round "1"]
[White "Nikolov, Momchil"]
[Black "Zavialov, Vladimir"]
[Result "1-0"]
[WhiteElo "2553"]
[BlackElo "2155"]
[PlyCount "97"]
[EventDate "2012.06.04"]
[EventType "swiss"]
[EventRounds "9"]
[EventCountry "BUL"]
[SourceTitle "CBM 148 Extra"]
[Source "ChessBase"]
[SourceDate "2012.06.22"]
[SourceVersion "1"]
[SourceVersionDate "2012.06.22"]
[SourceQuality "1"]

1. d4 d6 2. e4 Nf6 3. f3 Nbd7 4. c4 c5 5. d5 g6 6. Nh3 Bg7 7. Nc3 Ne5 8. Nf2 a6 9. a4 Rb8 10. Be2 h6 11. f4 Ned7 12. 0-0 0-0 13. Bd3 Ne8 14. Be3 Nc7 15. Qd2 Kh7 16. e5 dxe5 17. f5 b6 18. Ng4 e4 19. Bxe4 Nf6 20. fxg6+ fxg6 21. Bxg6+ Kxg6 22. Ne5+ Kh7 23. Nc6 Qe8 24. Nxb8 Bb7 25. Nc6 Bxc6 26. dxc6 Qxc6 27. Qd3+ Kh8 28. Rf3 Ne6 29. Raf1 Rd8 30. Qg6 Nf8 31. Qg3 Qe6 32. Nd5 Nxd5 33. cxd5 Qxd5 34. Rf7 Ne6 35. Rxe7 Rf8 36. Qxg7+ Nxg7 37. Rxf8+ Kh7 38. Rff7 Qd1+ 39. Kf2 Qc2+ 40. Kf3 Qd1+ 41. Kg3 Qd6+ 42. Kh3 Kh8 43. Rxg7 Qc6 44. Bf4 Qc8+ 45. Rd7 Qe8 46. Rge7 Qh5+ 47. Kg3 Qg6+ 48. Kf3 Qh5+ 49. Ke3 1-0

[Event "Moscow op 10"]
[Site "Moscow"]
[Date "2009.10.18"]
[Round "2"]
[White "Orlinkov, Maxim L"]
[Black "Zavialov, Vladimir"]
[Result "1-0"]
[WhiteElo "2389"]
[BlackElo "2161"]
[PlyCount "65"]
[EventDate "2009.10.17"]
[EventType "swiss"]
[EventRounds "9"]
[EventCountry "RUS"]
[SourceTitle "EXT 2010"]
[Source "ChessBase"]
[SourceDate "2010.11.25"]
[SourceVersion "1"]
[SourceVersionDate "2010.11.25"]
[SourceQuality "1"]

1. d4 Nf6 2. c4 e6 3. g3 d5 4. Bg2 dxc4 5. Nf3 Nc6 6. Qa4 Bb4+ 7. Bd2 Nd5 8. Qb5 Bxd2+ 9. Nbxd2 c3 10. bxc3 Nxc3 11. Qd3 Nd5 12. 0-0 0-0 13. Rac1 f6 14. Rfd1 Bd7 15. Nb3 Rc8 16. e4 Nde7 17. Qc4 Kh8 18. d5 exd5 19. exd5 Ne5 20. Nxe5 fxe5 21. Nc5 b6 22. Ne6 Bxe6 23. dxe6 Qe8 24. Rd7 Nf5 25. Re1 Nd4 26. Rxe5 c5 27. Qd5 Qg6 28. e7 Rfe8 29. Rd8 Qb1+ 30. Bf1 Qg6 31. Rxc8 Rxc8 32. Qd8+ Qe8 33. Qxc8 1-0

[Event "Zvenigorod Autumn op-B"]
[Site "Zvenigorod"]
[Date "2008.09.27"]
[Round "4"]
[White "Palkovich, Denis"]
[Black "Zavialov, Vladimir"]
[Result "0-1"]
[WhiteElo "2226"]
[BlackElo "2128"]
[PlyCount "76"]
[EventDate "2008.09.25"]
[EventType "swiss"]
[EventRounds "9"]
[EventCountry "RUS"]
[SourceTitle "EXT 2022"]
[Source "ChessBase"]
[SourceDate "2021.10.06"]
[SourceVersion "1"]
[SourceVersionDate "2021.10.06"]
[SourceQuality "1"]

1. e4 c5 2. Nf3 Nc6 3. d4 cxd4 4. Nxd4 Nf6 5. Nc3 d6 6. Bg5 e6 7. Qd2 a6 8. 0-0-0 Bd7 9. f4 b5 10. Nxc6 Bxc6 11. Bd3 Qa5 12. Kb1 b4 13. Bxf6 gxf6 14. Ne2 Qc5 15. Rhf1 a5 16. c3 bxc3 17. Qxc3 Qxc3 18. Nxc3 Rb8 19. f5 Ke7 20. Ne2 Rb4 21. a3 Rb6 22. Nd4 Bd7 23. Rc1 Bh6 24. Rc7 Rhb8 25. Rc2 Be3 26. Nf3 Rb3 27. Bc4 Rxa3 28. fxe6 fxe6 29. Ba2 Bb5 30. Re1 Bd3 31. Ka1 Bxc2 32. bxa3 Bc5 33. Re2 Bd3 34. Rd2 Bxe4 35. Nd4 Bxd4+ 36. Rxd4 d5 37. g3 Kd6 38. Bc4 Kc5 0-1